000 00946nam a2200253Ia 4500
003 IT-RoPAU
005 20220918175908.0
008 120407s9999 xx 000 0 und d
040 _aIT-RoPAU
040 _cIT-RoPAU
041 _aita
245 _aDocumento di base. Il rinnovamento della catechesi. Testo promulgato dall’episcopato italiano. Commento a cura del Centro Catechistico salesiano
250 _aTorino
260 _aElle Di Ci
260 _c1970
300 _a509 p.
300 _c21 cm
490 _aCatechesi rinnovata L. 2200
490 _v1
600 _a" 1 - Catechismo, Insegnamento I - Centro catechistico salesiano II - Tit.: Rinnovamento (Il) della catechesi. 238 BNI 70-2533+ "
_936222
710 _aConferenza episcopale italiana
_936223
942 _cBK
_2ddc
999 _c35352
_d35352